| 000 | 00687nam a2200205 a 4500 | ||
|---|---|---|---|
| 999 |
_c3111 _d3111 |
||
| 001 | 3111 | ||
| 003 | BD-JhCC | ||
| 005 | 20180305121601.0 | ||
| 008 | 171109s1991 bg ||||| |||| 000 0 ben d | ||
| 035 | _a(BD-JhCC) | ||
| 040 |
_aBD-JhCC _dBD-JhCC |
||
| 041 | _aben | ||
| 082 |
_a891.4415 _bKHA 1991 |
||
| 100 | _aখান, মোঃ নেঃ জাহিদুল ইসলাম | ||
| 245 |
_aবিপ্লবী অণল / _cমোঃ নেঃ জাহিদুল ইসলাম খান |
||
| 260 |
_aঢাকা : _bখান পাবলিশার্স ; _c১৯৯১ |
||
| 300 |
_a৩৮ পৃ.; _c২২ সেমি |
||
| 650 | _aBengali poetry | ||
| 942 |
_2ddc _cBK |
||